000 01144naa a22002897a 4500
001 BR8205961
003 BR-BrBNA
005 20240918175207.0
007 ta
008 230509b bl.||||| |||| 00| 0 por d
040 _aBR-BrBNA
_bpor
_cBiblioteca Nacional de Agricultura
041 _a(Pt)
072 _aH20
_b0180
_b4120
_b3930
090 _aH20 BR8205961
100 1 _aLuz, W.C. da
111 1 _a12. Reuniao Nacional de Pesquisa de Trigo
_cCascavel, PR (Brazil)
_d19-23 Jul 1982
245 1 _aControle biologico das manchas foliares do trigo atraves de microrganismos do filoplano [fungo, septoriose]
260 3 _aPasso Fundo, RS (Brasil):
_c1982.
500 _aResultados de pesquisa apresentados na 12. Reuniao Nacional de Pesquisa de Trigo Passo Fundo, RS (Brasil): 1982. p. 239-240 (BR8205961-AM)H20
650 _aTRIGO
650 _aFUNGO
650 _aMICRORGANISMO
650 _aCONTROLE BIOLOGICO
773 0 _tResultados de pesquisa apresentados na 12. Reuniao Nacional de Pesquisa de Trigo
_wH20 BR8205961
_gPasso Fundo, RS (Brasil), 1982. p. 239-240
909 _a202404
_bLucia
_c55
_dLucia Elande
942 _cAM
_2AGRIS
999 _c315514
_d315514